| 000 | 00619pam a2200193 i 4500 | ||
|---|---|---|---|
| 005 | 20131029102334.0 | ||
| 008 | 750416s1975 nyua b 001 0 eng | ||
| 020 | _a0442280742 | ||
| 080 | _a303.732.4 | ||
| 100 | 1 | _aSutherland, John W. | |
| 245 | 1 | 0 |
_aSystems : _cJohn W. Sutherland. |
| 260 |
_aNew York : _bVan Nostrand Reinhold Co., _c[1975] |
||
| 300 |
_axxiv, 339 p. : _bill. ; _c23 cm. |
||
| 500 | _aPreface : f. IX-XVI | ||
| 504 | _aIncludes bibliographical references and index. | ||
| 650 | 0 | _aAnaliza e sistemeve | |
| 650 | 0 | _2Shkenca shoqërore | |
| 942 |
_2udc _cBK |
||
| 999 |
_c205 _d205 |
||